000 00498nam a2200181 4500
001 106964
003 ES-MaACL
005 20231223063056.0
007 t|
008 061121s1982 sp r ||||1| spa d
100 1 _aMoreno Villa, José,
_d1887-1955
_983443
245 1 0 _aAntología /
_cJosé Moreno Villa.
250 _a1.ª ed.
260 _aBarcelona :
_bPlaza & Janés,
_c1982.
300 _a309 p. ;
_c19 cm.
852 _aES-MaACL
_jL-2523
_bR.103226
999 _c106964
_d106964